<?xml version="1.0" encoding="UTF-8"?>
<record
    xmlns:xsi="http://www.w3.org/2001/XMLSchema-instance"
    xsi:schemaLocation="http://www.loc.gov/MARC21/slim http://www.loc.gov/standards/marcxml/schema/MARC21slim.xsd"
    xmlns="http://www.loc.gov/MARC21/slim">

  <leader>00391nam a22001697a 4500</leader>
  <controlfield tag="003">OSt</controlfield>
  <controlfield tag="008">220615b           ||||| |||| 00| 0 eng d</controlfield>
  <datafield tag="020" ind1=" " ind2=" ">
    <subfield code="a">9789389354508</subfield>
  </datafield>
  <datafield tag="082" ind1=" " ind2=" ">
    <subfield code="a">006.31 ALI</subfield>
  </datafield>
  <datafield tag="100" ind1=" " ind2=" ">
    <subfield code="a">ALLA, Prema</subfield>
  </datafield>
  <datafield tag="245" ind1=" " ind2=" ">
    <subfield code="a">Introduction to Data Science Using R</subfield>
  </datafield>
  <datafield tag="250" ind1=" " ind2=" ">
    <subfield code="a">2nd Ed.</subfield>
  </datafield>
  <datafield tag="260" ind1=" " ind2=" ">
    <subfield code="a">Hyderabad</subfield>
    <subfield code="b">BS Pub.</subfield>
    <subfield code="c">2024</subfield>
  </datafield>
  <datafield tag="300" ind1=" " ind2=" ">
    <subfield code="a">311</subfield>
  </datafield>
  <datafield tag="650" ind1=" " ind2=" ">
    <subfield code="a">CSE</subfield>
  </datafield>
  <datafield tag="942" ind1=" " ind2=" ">
    <subfield code="2">ddc</subfield>
    <subfield code="c">BK</subfield>
  </datafield>
  <datafield tag="999" ind1=" " ind2=" ">
    <subfield code="c">13402</subfield>
    <subfield code="d">13402</subfield>
  </datafield>
  <datafield tag="952" ind1=" " ind2=" ">
    <subfield code="0">0</subfield>
    <subfield code="1">0</subfield>
    <subfield code="2">ddc</subfield>
    <subfield code="4">0</subfield>
    <subfield code="7">0</subfield>
    <subfield code="8">BTECHIT</subfield>
    <subfield code="a">PIET</subfield>
    <subfield code="b">PIET</subfield>
    <subfield code="d">2025-04-19</subfield>
    <subfield code="e">Zaffa Books</subfield>
    <subfield code="f">INR</subfield>
    <subfield code="g">495.00</subfield>
    <subfield code="k">ZBD0067</subfield>
    <subfield code="l">0</subfield>
    <subfield code="o">006.31 ALI</subfield>
    <subfield code="p">39547</subfield>
    <subfield code="r">2025-04-24 00:00:00</subfield>
    <subfield code="v">371.25</subfield>
    <subfield code="w">2025-04-19</subfield>
    <subfield code="y">REF</subfield>
  </datafield>
  <datafield tag="952" ind1=" " ind2=" ">
    <subfield code="0">0</subfield>
    <subfield code="1">0</subfield>
    <subfield code="2">ddc</subfield>
    <subfield code="4">0</subfield>
    <subfield code="7">0</subfield>
    <subfield code="8">BTECHIT</subfield>
    <subfield code="a">PIET</subfield>
    <subfield code="b">PIET</subfield>
    <subfield code="d">2025-04-19</subfield>
    <subfield code="e">Zaffa Books</subfield>
    <subfield code="f">INR</subfield>
    <subfield code="g">495.00</subfield>
    <subfield code="k">ZBD0067</subfield>
    <subfield code="l">0</subfield>
    <subfield code="o">006.31 ALI</subfield>
    <subfield code="p">39548</subfield>
    <subfield code="r">2025-04-24 00:00:00</subfield>
    <subfield code="v">371.25</subfield>
    <subfield code="w">2025-04-19</subfield>
    <subfield code="y">BK</subfield>
  </datafield>
  <datafield tag="952" ind1=" " ind2=" ">
    <subfield code="0">0</subfield>
    <subfield code="1">0</subfield>
    <subfield code="2">ddc</subfield>
    <subfield code="4">0</subfield>
    <subfield code="7">0</subfield>
    <subfield code="8">BTECHIT</subfield>
    <subfield code="a">PIET</subfield>
    <subfield code="b">PIET</subfield>
    <subfield code="d">2025-04-19</subfield>
    <subfield code="e">Zaffa Books</subfield>
    <subfield code="f">INR</subfield>
    <subfield code="g">495.00</subfield>
    <subfield code="k">ZBD0067</subfield>
    <subfield code="l">0</subfield>
    <subfield code="o">006.31 ALI</subfield>
    <subfield code="p">39549</subfield>
    <subfield code="r">2025-04-24 00:00:00</subfield>
    <subfield code="v">371.25</subfield>
    <subfield code="w">2025-04-19</subfield>
    <subfield code="y">BK</subfield>
  </datafield>
  <datafield tag="952" ind1=" " ind2=" ">
    <subfield code="0">0</subfield>
    <subfield code="1">0</subfield>
    <subfield code="2">ddc</subfield>
    <subfield code="4">0</subfield>
    <subfield code="7">0</subfield>
    <subfield code="8">BTECHIT</subfield>
    <subfield code="a">PIET</subfield>
    <subfield code="b">PIET</subfield>
    <subfield code="d">2025-04-19</subfield>
    <subfield code="e">Zaffa Books</subfield>
    <subfield code="f">INR</subfield>
    <subfield code="g">495.00</subfield>
    <subfield code="k">ZBD0067</subfield>
    <subfield code="l">0</subfield>
    <subfield code="o">006.31 ALI</subfield>
    <subfield code="p">39550</subfield>
    <subfield code="r">2025-04-24 00:00:00</subfield>
    <subfield code="v">371.25</subfield>
    <subfield code="w">2025-04-19</subfield>
    <subfield code="y">BK</subfield>
  </datafield>
  <datafield tag="952" ind1=" " ind2=" ">
    <subfield code="0">0</subfield>
    <subfield code="1">0</subfield>
    <subfield code="2">ddc</subfield>
    <subfield code="4">0</subfield>
    <subfield code="7">0</subfield>
    <subfield code="8">BTECHIT</subfield>
    <subfield code="a">PIET</subfield>
    <subfield code="b">PIET</subfield>
    <subfield code="d">2025-04-19</subfield>
    <subfield code="e">Zaffa Books</subfield>
    <subfield code="f">INR</subfield>
    <subfield code="g">495.00</subfield>
    <subfield code="k">ZBD0067</subfield>
    <subfield code="l">0</subfield>
    <subfield code="o">006.31 ALI</subfield>
    <subfield code="p">39551</subfield>
    <subfield code="r">2025-04-24 00:00:00</subfield>
    <subfield code="v">371.25</subfield>
    <subfield code="w">2025-04-19</subfield>
    <subfield code="y">BK</subfield>
  </datafield>
  <datafield tag="952" ind1=" " ind2=" ">
    <subfield code="0">0</subfield>
    <subfield code="1">0</subfield>
    <subfield code="2">ddc</subfield>
    <subfield code="4">0</subfield>
    <subfield code="7">0</subfield>
    <subfield code="8">BTECHIT</subfield>
    <subfield code="a">PIET</subfield>
    <subfield code="b">PIET</subfield>
    <subfield code="d">2025-04-19</subfield>
    <subfield code="e">Zaffa Books</subfield>
    <subfield code="f">INR</subfield>
    <subfield code="g">495.00</subfield>
    <subfield code="k">ZBD0067</subfield>
    <subfield code="l">0</subfield>
    <subfield code="o">006.31 ALI</subfield>
    <subfield code="p">39552</subfield>
    <subfield code="r">2025-04-24 00:00:00</subfield>
    <subfield code="v">371.25</subfield>
    <subfield code="w">2025-04-19</subfield>
    <subfield code="y">BK</subfield>
  </datafield>
  <datafield tag="952" ind1=" " ind2=" ">
    <subfield code="0">0</subfield>
    <subfield code="1">0</subfield>
    <subfield code="2">ddc</subfield>
    <subfield code="4">0</subfield>
    <subfield code="7">0</subfield>
    <subfield code="8">BTECHIT</subfield>
    <subfield code="a">PIET</subfield>
    <subfield code="b">PIET</subfield>
    <subfield code="d">2025-04-19</subfield>
    <subfield code="e">Zaffa Books</subfield>
    <subfield code="f">INR</subfield>
    <subfield code="g">495.00</subfield>
    <subfield code="k">ZBD0067</subfield>
    <subfield code="l">0</subfield>
    <subfield code="o">006.31 ALI</subfield>
    <subfield code="p">39553</subfield>
    <subfield code="r">2025-04-24 00:00:00</subfield>
    <subfield code="v">371.25</subfield>
    <subfield code="w">2025-04-19</subfield>
    <subfield code="y">BK</subfield>
  </datafield>
  <datafield tag="952" ind1=" " ind2=" ">
    <subfield code="0">0</subfield>
    <subfield code="1">0</subfield>
    <subfield code="2">ddc</subfield>
    <subfield code="4">0</subfield>
    <subfield code="7">0</subfield>
    <subfield code="8">BTECHIT</subfield>
    <subfield code="a">PIET</subfield>
    <subfield code="b">PIET</subfield>
    <subfield code="d">2025-04-19</subfield>
    <subfield code="e">Zaffa Books</subfield>
    <subfield code="f">INR</subfield>
    <subfield code="g">495.00</subfield>
    <subfield code="k">ZBD0067</subfield>
    <subfield code="l">0</subfield>
    <subfield code="o">006.31 ALI</subfield>
    <subfield code="p">39554</subfield>
    <subfield code="r">2025-04-24 00:00:00</subfield>
    <subfield code="v">371.25</subfield>
    <subfield code="w">2025-04-19</subfield>
    <subfield code="y">BK</subfield>
  </datafield>
  <datafield tag="952" ind1=" " ind2=" ">
    <subfield code="0">0</subfield>
    <subfield code="1">0</subfield>
    <subfield code="2">ddc</subfield>
    <subfield code="4">0</subfield>
    <subfield code="7">0</subfield>
    <subfield code="8">BTECHIT</subfield>
    <subfield code="a">PIET</subfield>
    <subfield code="b">PIET</subfield>
    <subfield code="d">2025-04-19</subfield>
    <subfield code="e">Zaffa Books</subfield>
    <subfield code="f">INR</subfield>
    <subfield code="g">495.00</subfield>
    <subfield code="k">ZBD0067</subfield>
    <subfield code="l">0</subfield>
    <subfield code="o">006.31 ALI</subfield>
    <subfield code="p">39555</subfield>
    <subfield code="r">2025-04-24 00:00:00</subfield>
    <subfield code="v">371.25</subfield>
    <subfield code="w">2025-04-19</subfield>
    <subfield code="y">BK</subfield>
  </datafield>
  <datafield tag="952" ind1=" " ind2=" ">
    <subfield code="0">0</subfield>
    <subfield code="1">0</subfield>
    <subfield code="2">ddc</subfield>
    <subfield code="4">0</subfield>
    <subfield code="7">0</subfield>
    <subfield code="8">BTECHIT</subfield>
    <subfield code="a">PIET</subfield>
    <subfield code="b">PIET</subfield>
    <subfield code="d">2025-04-19</subfield>
    <subfield code="e">Zaffa Books</subfield>
    <subfield code="f">INR</subfield>
    <subfield code="g">495.00</subfield>
    <subfield code="k">ZBD0067</subfield>
    <subfield code="l">0</subfield>
    <subfield code="o">006.31 ALI</subfield>
    <subfield code="p">39556</subfield>
    <subfield code="r">2025-04-24 00:00:00</subfield>
    <subfield code="v">371.25</subfield>
    <subfield code="w">2025-04-19</subfield>
    <subfield code="y">BK</subfield>
  </datafield>
</record>
